00750nam a2200157 a 4500003000200000005001700002008004100019050002900060100003000089245021400119260009000333300004000423504004100463650003700504650005100541020250528103430.0021022s19uu xx 00 eng d aPHS LB 3012.2b.D56 2002 aDimaguila, Antonio Jr. A. aA Comparative study on high school teachers' perception on student's discipline between Southville International School and Las Piñas National High School, school year 2001 - 2002 /cAntonio A. Dimaguila Jr. aLas Piñas City, Philippines :bSouthville International School and Colleges,c2002. a48 pages :billustrations ;c28 cm. aIncludes bibliographical references. aStudent disciplinezPhilippines. aHigh school studentsxDisciplinezPhilippines.